Methanol Production - Statistics

General Stats
  • This quiz has been taken 12 times
  • The average score is 18 of 20
Answer Stats
Hint Answer Methanol Production % Correct
Americas Brazil 1 Million mt
100%
Americas Canada 0.9 Million mt
100%
Asia China 50 Million mt
100%
Europe Germany 1.2 Million mt
100%
Asia Indonesia 4 Million mt
100%
Middle East Iran 7 Million mt
100%
Asia Japan 1.3 Million mt
100%
Middle East Oman 0.8 Million mt
100%
Asia South Korea 1.4 Million mt
100%
Americas United States 10 Million mt
100%
Africa Egypt 1.5 Million mt
89%
Asia India 1.1 Million mt
89%
Asia Malaysia 2.5 Million mt
89%
Middle East Qatar 1.7 Million mt
89%
Asia Russia 3 Million mt
89%
Middle East Saudi Arabia 6 Million mt
89%
Middle East United Arab Emirates 0.7 Million mt
89%
Americas Venezuela 1.8 Million mt
89%
Oceania New Zealand 2 Million mt
78%
Americas Trinidad and Tobago 3.5 Million mt
56%
No matching quizzes found
Score Distribution
Percent of People with Each Score
Percentile by Number Answered
Your Score History
You have not taken this quiz